000 00960cam a2200301 i 4500
001 016795840
003 EG-ScBUE
005 20250309102011.0
008 140714t2014 si adk f b 001 0 eng d
020 _z9789814411714
040 _aStDuBDS
_beng
_erda
_dEG-ScBUE
_cEG-ScBUE
082 0 4 _a530.12
_bAUL
_222
100 1 _aAuletta, Gennaro,
_d1957-
_eauthor.
_938194
245 1 0 _aQuantum mechanics for thinkers /
_cGennaro Auletta, Shang-Yung Wang.
264 1 _aSingapore :
_bPan Stanford Publishing,
_c[2014]
264 4 _cc2014
300 _axiii, 486 pages :
_bcharts, forms, tables ;
_c24 cm
336 _2rdacontent
_atext
_btxt
337 _2rdamedia
_aunmediated
_bn
338 _2rdacarrier
_avolume
_bnc
504 _aIncludes bibliographical references and index.
650 7 _aQuantum theory.
_2BUEsh
651 _2BUEsh
653 _bENGGEN
_cJune2015
655 _vReading book
700 1 _aWang, Shang-Yung,
_eauthor.
942 _2ddc
_cBB
999 _c19533
_d19505